| 000 | 01005cim a2200253 4500 | ||
|---|---|---|---|
| 005 | 20150827092743.0 | ||
| 007 | sd uuuguudmuud | ||
| 008 | 140923t2013 xxxnnnnfs s c eng d | ||
| 024 | _a9781133317289 | ||
| 024 | _a1133317286 | ||
| 040 | _aEG-ScBUE | ||
| 082 | 0 | 0 |
_222 _a428.2076 _bBLA |
| 100 | 1 |
_aBlass, Lauire, _d1952- _936099 |
|
| 245 | 1 | 0 |
_aPathways 2 _h[sound recording] : _breading, writing and critical thinking : audio CDs / _cLaurie Blass, Mari Vargo. |
| 246 | 3 | _aPathways two | |
| 260 |
_aBoston, United States : _bNational Geographic Learning : _bHeinle Cengage Learning, _cc.2013. |
||
| 300 |
_a2 sound discs ; _c4 3/4 in. |
||
| 650 | 0 |
_aEnglish language _xStudy and teaching _xForeign speakers _vAudio-visual aids _936054 |
|
| 650 | 0 |
_936053 _aEnglish language _vTextbooks for foreign speakers _vAudio-visual aids |
|
| 653 |
_bEEENG _cJuly2014 _cSeptember2014 |
||
| 700 | 1 |
_936085 _aVargo, Mari |
|
| 710 | 2 |
_935969 _aNational Geographic Learning (Firm) |
|
| 942 |
_2ddc _cCDR _k428.0071 BLA TR |
||
| 999 |
_c18401 _d18373 |
||